000 00528nam a2200193Ia 4500
005 20250508150401.0
008 008 250505s9999 xx 000 0 eng d
037 _aTextual
040 _aFEDL
_beng
_cFEDL
041 _aeng
_2eng
084 _a370.1, JEA
_qFEDL
100 _aJean Louis De
_9756555
245 0 _aJunior citizen
260 _aNew York, USA
_bPhilosophical Library
_c1948
300 _axx,204p.
650 _aEducation - Philosophy
942 _cTEXL
_h370.1, JEA
999 _c1323336
_d1323336